000 00427nam a22001817a 4500
003 OSt
005 20260306135910.0
008 260305b |||||||| |||| 00| 0 eng d
020 _a9781804271049
082 _a853.92
_bLATP
100 _aLatronico,Vincenzo
245 _aPerfection
260 _aLondon
_bFitzcarraldo editions
_c2025
300 _a115p
546 _aEnglish
650 _aItalian Fiction
942 _2ddc
_cBK
999 _c3949
_d3949